|
|
|
|
| LEADER |
00000nab a2200000 a 4500 |
| 001 |
vtls000254325 |
| 003 |
SK-MaSNL |
| 005 |
20260304073746.0 |
| 008 |
250423c1986 xo 0 slo |
| 015 |
|
|
|a SNBRB19rr/mm-uuuuu
|
| 035 |
|
|
|a CL0264439
|
| 035 |
|
|
|a urn:nbn:sk:snk-ab6mn
|
| 035 |
|
|
|a (urnnbn)urn:nbn:sk:snk:ar-a04yqf
|
| 035 |
|
|
|a (uuid)470f0878-92c7-4af8-9988-034810425650
|
| 040 |
|
|
|a SNKBUCL
|b slo
|c SNKBUCL
|e AACR2
|
| 041 |
0 |
|
|a slo
|
| 044 |
|
|
|a xo
|c SK
|
| 080 |
|
|
|a 82.09:885.4(048)
|2 1981
|
| 080 |
|
|
|a 885.4(048)
|2 1981
|
| 080 |
|
|
|a 885.4.09(048)
|2 1981
|
| 100 |
1 |
|
|a Púchyová, Ida,
|d 1941-
|4 aut
|9 110664
|
| 245 |
1 |
0 |
|a Nad novou knihou Karola Rosenbauma
|c Ida Púchyová
|
| 500 |
|
|
|a V rubrike Informácie
|
| 650 |
0 |
7 |
|a literárna kritika
|2 snkbucl
|9 1138
|
| 650 |
0 |
7 |
|a štúdie
|2 snkbucl
|9 92810
|
| 655 |
|
7 |
|a recenzie
|2 snkbucl
|9 21907
|
| 655 |
|
7 |
|a články z odboru literárna veda a krásna literatúra
|2 snkbucl
|9 770045
|
| 655 |
|
7 |
|a články z novín a časopisov
|2 snkbucl
|9 267496
|
| 773 |
0 |
|
|t Slovenský jazyk a literatúra v škole
|g Roč. 32, č. 9 (1985/1986), s. 287-288
|
| 787 |
0 |
8 |
|i Rec.:
|a Rosenbaum, Karol
|t Na váhach času
|d Bratislava : Slovenský spisovateľ, 1985
|
| 850 |
|
|
|a Slovenská národná knižnica
|
| 852 |
|
|
|a Slovenská národná knižnica
|
| 954 |
|
|
|a odborná, vedecká literatúra pôvodná (slovenská)
|2 lita
|
| 958 |
|
|
|a article27
|
| 958 |
|
|
|a RK
|
| 958 |
|
|
|a LX
|
| 958 |
|
|
|a OND
|
| 958 |
|
|
|a EUIPO
|
| 992 |
|
|
|a RBX
|
| 999 |
|
|
|c 2773247
|d 2775177
|